Las bases medioambientales de ODCA

Enregistré dans:
Détails bibliographiques
Auteur principal: Urrutia Burns, Marcelo (Auteur)
Format: Livre
Langue:espagnol
Publié: Santiago Konrad Adenauer 2002
Santiago ODCA 2002
Santiago CEGADES 2002
Collection:Ecología, Sociedad y Desarrollo
Sujets:
Tags: Ajouter un tag
Pas de tags, Soyez le premier à ajouter un tag!

MARC

LEADER 00000nam a2200000 a 4500
001 UCL4490
003 CL-VaPUC
008 040116e20020000cl |||||||||||||||||spa|d
082 0 4 |a 354.3  |b URR  |2 21 
100 0 |a Urrutia Burns, Marcelo  |e author  |9 482009 
245 1 4 |a Las bases medioambientales de ODCA 
300 |a 222 p 
942 |c BK 
945 |d 20040116 00:00:00  |a cmena 
260 |a Santiago  |b Konrad Adenauer  |c 2002 
260 |a Santiago  |b ODCA  |c 2002 
260 |a Santiago  |b CEGADES  |c 2002 
600 0 7 |a ORGANIZACION DEMOCRATA CRISTIANA DE AMERICA  |2 CL-VaPUC  |9 482010 
650 7 |a CONSERVACION DE MEDIO AMBIENTE  |2 CL-VaPUC  |9 482011 
650 0 |a Política gubernamental  |9 262286 
650 0 |a Medio ambiente natural  |9 338575 
583 |a last modification  |c 20171116 06:29:20  |k Rodrigo Vera 
490 0 |a Ecología, Sociedad y Desarrollo 
999 |c 307315  |d 307313 
952 |0 0  |1 0  |4 0  |6 354_300000000000000_URR_2002_2002_2002  |7 0  |8 A  |9 373173  |a BIBCUR  |b BIBCUR  |d 2019-11-21  |i 3958264  |o 354.3 URR 2002 2002 2002  |p 3958264  |r 2025-04-22  |w 2019-11-21  |y BK  |k BCB